Mass Communication Theory and Practice (Record no. 347372)
[ view plain ]
| 000 -LEADER | |
|---|---|
| fixed length control field | 00245 a2200097 4500 |
| 090 ## - LOCALLY ASSIGNED LC-TYPE CALL NUMBER (OCLC); LOCAL CALL NUMBER (RLIN) | |
| -- | 4943 |
| -- | 4943 |
| 100 ## - MAIN ENTRY--PERSONAL NAME | |
| Personal name | Dr.M.A.Hijazi |
| 245 ## - TITLE STATEMENT | |
| Title | Mass Communication Theory and Practice |
| 260 ## - PUBLICATION, DISTRIBUTION, ETC. | |
| Place of publication, distribution, etc. | A.ONE PUB |
| Name of publisher, distributor, etc. | Lahore |
| Date of publication, distribution, etc. | 1989 |
| 942 ## - ADDED ENTRY ELEMENTS (KOHA) | |
| Institution code [OBSOLETE] | NBS |
| Koha item type | Book |
| Call number prefix | 001.51 HIJ |
| Withdrawn status | Lost status | Damaged status | Not for loan | Collection code | Permanent Location | Current Location | Shelving location | Date acquired | Total Checkouts | Full call number | Barcode | Date last seen | Price effective from | Koha item type |
|---|---|---|---|---|---|---|---|---|---|---|---|---|---|---|
| Computer Science | Central Library (CL) | Central Library (CL) | First Floor - Computer Science | 08/28/2013 | 001.51 HIJ | NBSD-896 | 08/28/2013 | 08/28/2013 | Book |
